Actividades con cubiertas de neumáticos y paracaídas

Na minha lista:
Detalhes bibliográficos
Autor principal: Capon, J. Jack (Author)
Formato: Livro
Idioma:espanhol
Publicado em: Barcelona Paidós 1990
Colecção:Serie de Desarrollo Perceptivomotor, 5
Assuntos:
Tags: Adicionar Tag
Sem tags, seja o primeiro a adicionar uma tag!

MARC

LEADER 00000nam a2200000 a 4500
001 UCW7455
003 CL-VaPUC
008 921216e19900000SP |||||||||||||||||spa|d
082 0 4 |a 372.86  |b CAP  |2 21 
100 0 |a Capon, J. Jack  |e author  |9 312597 
245 1 0 |a Actividades con cubiertas de neumáticos y paracaídas 
300 |a 39 p 
942 |c BK 
945 |d 19921216 00:00:00 
260 |a Barcelona  |b Paidós  |c 1990 
650 0 |a Aptitud motora   |9 307353 
650 0 |a Educación física  |9 240893 
650 0 |a Educación básica   |9 224933 
650 7 |a GIMNASIA  |2 CL-VaPUC  |9 307275 
583 |a last modification  |c 19921216 00:00:00  |k Rodrigo Vera 
490 0 |a Serie de Desarrollo Perceptivomotor, 5 
999 |c 220199  |d 220197 
952 |0 0  |1 0  |4 0  |6 372_860000000000000_CAP_1990  |7 0  |8 P  |9 212111  |a BIBEDU  |b BIBEDU  |c BIBEDU_PB  |d 2019-11-15  |i 2803690  |o 372.86 CAP 1990  |p 2803690  |r 2024-01-25  |w 2019-11-15  |y BK  |k EDU